000
00223 a2200097 4500
001
25858
100
_a
Trumbull, R
245
_a
None Who Survived Hiroshima and Nagasaki
260
_a
_b
Dulton
_c
1957
090
_c
17477
_d
17477
942
_a
NUST-CAE
_c
M
_c
8310
999
_c
260931
_d
260931